[Event "Challenge"]
[Site "http://www.queenalice.com/game.php?id=1561119"]
[Date "2019.2.15"]
[Round "-"]
[White "mclemens"]
[Black "noodle"]
[Result "0-1"]
[WhiteElo "1100"]
[BlackElo "1777"]

1. f4 d5 2. e3 Nf6 3. c4 Nc6 4. Nf3 dxc4 5. Bxc4 e6 6. b3 a6 7. a4 Bb4 8. O-O
Na5 9. Be2 Bd7 10. d4 b5 11. g3 O-O 12. h4 h5 13. Qd3 g6 14. Ne5 c5 15. dxc5
Bxc5 16. Nxd7 Qxd7 17. Qxd7 Nxd7 18. Rd1 Nxb3 19. Bb2 Nxa1 20. Bxa1 Nb6 21. axb5
axb5 22. Bd4 Bxd4 23. exd4 b4 24. d5 exd5 25. Rd4 b3 26. Rb4 Na4 27. Rxb3 d4 28.
g4 hxg4 29. Bxg4 Nc5 30. Rb5 f5 31. Bf3 Ra1 32. h5 gxh5 33. Bxh5 d3 34. Kf2 Ne4+
35. Ke3 Rd8 36. Bg4 d2 37. Nxd2 Nxd2 38. Rxf5 Ra3+ 39. Ke2 Ne4 40. Rg5+ Nxg5 41.
fxg5 Rb8 42. g6 Rb2+ 43. Kd1 Ra1# 0-1

[Event "Challenge"]
[Site "http://www.queenalice.com/game.php?id=1562718"]
[Date "2019.3.1"]
[Round "-"]
[White "noodle"]
[Black "mclemens"]
[Result "1-0"]
[WhiteElo "1774"]
[BlackElo "1100"]

1. e4 e5 2. Nf3 Bc5 3. Nxe5 d5 4. d4 Bd6 5. exd5 Bf5 6. f3 f6 7. Nc4 Be7 8. Nc3
c6 9. g4 Bg6 10. dxc6 bxc6 11. Be3 f5 12. g5 Bxg5 13. Qe2 f4 14. Bd2+ Ne7 15. h4
Bf6 16. Qe6 Bf5 17. Qd6 Bxc2 18. Qxd8+ Kxd8 19. Bxf4 Bxd4 20. Rh2 Bf5 21. O-O-O
c5 22. h5 h6 23. Be5 Nbc6 24. Bxg7 Kc7 25. Bxh8 Rxh8 26. a3 Rf8 27. Na4 Be6 28.
Nd2 Nd5 29. Bh3 Bf7 30. Bg4 Ne3 31. Re1 Nxg4 32. fxg4 Bb3 33. Nxb3 Bf2 34. Re6
c4 35. Nd2 c3 36. Nxc3 Kd7 37. Rxh6 Be3 38. Rh7+ Kd6 39. Kb1 Rf2 40. Nde4+ Ke5
41. Nxf2 Bxf2 42. Rxf2 Nd4 43. Re7+ Kd6 44. Rxa7 Ke5 45. Rd7 Ne6 46. Re2+ Kf6
47. Nd5+ Kg5 48. Rxe6 Kxg4 49. Rg7+ Kxh5 50. Nf4+ Kh4 51. Rh6# 1-0

[Event "Challenge"]
[Site "http://www.queenalice.com/game.php?id=1563710"]
[Date "2019.3.9"]
[Round "-"]
[White "noodle"]
[Black "Excsiu"]
[Result "1-0"]
[WhiteElo "1697"]
[BlackElo "1839"]

1. e4 e5 2. Nf3 d6 3. d4 exd4 4. Nxd4 d5 5. Nc3 dxe4 6. Nxe4 Qe7 7. Qe2 Qd7 8.
Be3 f5 9. Nc3 Nc6 10. O-O-O Be7 11. Ndb5 Bd6 12. Bc5+ Qe7 13. Bxd6 cxd6 14.
Nxd6+ Kf8 15. g3 Be6 16. Bh3 g6 17. Nxb7 Rb8 18. Nd6 Nf6 19. Rhe1 Nd8 20. f3 Kg7
21. g4 Ne8 22. gxf5 Qg5+ 23. Qe3 Qh4 24. fxe6 Nc6 25. f4 Rd8 26. Nce4 Rf8 27.
Rf1 Qe7 28. f5 Ne5 29. Nxe8+ Rdxe8 30. f6+ Rxf6 31. Nxf6 Nc4 32. Nxe8+ Qxe8 33.
Rf7+ 1-0

[Event "Challenge"]
[Site "http://www.queenalice.com/game.php?id=1566365"]
[Date "2019.4.2"]
[Round "-"]
[White "noodle"]
[Black "mclemens"]
[Result "1-0"]
[WhiteElo "1727"]
[BlackElo "1100"]

1. e4 e5 2. Nf3 d6 3. d4 f6 4. d5 f5 5. Nc3 Nf6 6. Bd3 f4 7. g3 fxg3 8. fxg3 c6
9. h4 Bg4 10. b4 cxd5 11. exd5 Qe7 12. Ne4 Nxd5 13. b5 Nb4 14. c4 d5 15. cxd5
Nxd5 16. O-O Qf7 17. Nxe5 Bxd1 18. Nxf7 Bg4 19. Nxh8 Be7 20. Nf7 Bh3 21. Nfd6+
Kd7 22. Rf7 Ke6 23. Rxg7 Bxd6 24. Ng5+ Kf6 25. Bb2+ Be5 26. Bxe5+ Kxe5 27. Nxh3
Nc6 28. bxc6 bxc6 29. Bxh7 Kf6 30. Rg5 Re8 31. Rf5+ Ke6 32. Nf4+ Nxf4 33. gxf4
Re7 34. Re5+ Kf6 35. Rxe7 Kxe7 36. Rd1 c5 37. Kg2 Kf7 38. Re1 Kg7 39. Bd3 Kf6
40. Re5 a6 41. f5 Kxe5 42. h5 Kf6 43. h6 Kf7 44. h7 Kg7 45. f6+ Kh8 46. f7 c4
47. f8=Q# 1-0

[Event "AUTO-INT-3392"]
[Site "http://www.queenalice.com/game.php?id=1568345"]
[Date "2019.4.20"]
[Round "2"]
[White "LeandroJunio"]
[Black "noodle"]
[Result "1-0"]
[WhiteElo "1867"]
[BlackElo "1736"]

1. e4 e5 2. Nf3 Nc6 3. Bb5 Nf6 4. d3 Bc5 5. O-O d5 6. exd5 Nxd5 7. Bxc6+ bxc6 8.
Nxe5 Qd6 9. Re1 Be6 10. Qf3 O-O 11. Nc3 Nxc3 12. bxc3 Bd5 13. Qg3 Rae8 14. Bf4
Qe6 15. Nf3 Qd7 16. Rxe8 Rxe8 17. Bxc7 f6 18. Bf4 g5 19. Bd2 Re2 20. d4 Bd6 21.
Qh3 g4 22. Qh6 Qg7 23. Qxg7+ Kxg7 24. Re1 Bxf3 25. Rxe2 Bxe2 26. g3 Ba3 27. Kg2
Bd1 28. c4 1-0

[Event "AUTO-INT-3392"]
[Site "http://www.queenalice.com/game.php?id=1568346"]
[Date "2019.4.20"]
[Round "2"]
[White "noodle"]
[Black "LeandroJunio"]
[Result "0-1"]
[WhiteElo "1725"]
[BlackElo "1878"]

1. e4 e5 2. Nf3 Nc6 3. Bb5 Qf6 4. Bxc6 dxc6 5. d4 Bd6 6. c4 exd4 7. Qxd4 Qxd4 8.
Nxd4 Ne7 9. Nc3 O-O 10. f4 Ng6 11. f5 Ne5 12. b3 Bb4 13. Bd2 Re8 14. O-O Nd3 15.
a3 Bxc3 16. Bxc3 Rxe4 17. Nc2 Rf4 18. Ne3 Rxf1+ 19. Rxf1 Nc5 20. f6 g6 21. Be5
Nxb3 22. Bxc7 Be6 23. Rb1 Nc5 24. h3 b6 25. h4 Ne4 26. g4 Nd2 27. Rc1 Nf3+ 28.
Kf2 Nd2 0-1

[Event "Challenge"]
[Site "http://www.queenalice.com/game.php?id=1568954"]
[Date "2019.4.26"]
[Round "-"]
[White "mclemens"]
[Black "noodle"]
[Result "0-1"]
[WhiteElo "1100"]
[BlackElo "1715"]

1. Nc3 e5 2. e4 Nf6 3. d3 d5 4. f4 exf4 5. Bxf4 Bd6 6. g3 O-O 7. exd5 Bxf4 8.
gxf4 Nxd5 9. Nf3 Nxf4 10. Ne2 Re8 11. Qd2 g5 12. Rg1 Kh8 13. Nxg5 Nxe2 14. Bxe2
Qf6 15. O-O-O Qf2 16. Bg4 Qxd2+ 17. Kxd2 f5 18. Nf7+ Kg7 19. Bh5+ Kf6 20. Ng5
Rh8 21. Rdf1 Nc6 22. h4 Be6 23. c4 Nd4 24. Ke3 Rad8 25. Rf4 Nc2+ 26. Kd2 Nb4 27.
Re1 Rxd3+ 28. Ke2 h6 29. Nf3 Rhd8 30. Kf2 Nxa2 31. Rd4 R3xd4 32. Nxd4 Rxd4 33.
c5 Rxh4 34. Bf3 Rh2+ 35. Bg2 Bd5 36. Kf1 Rxg2 37. Re2 Rxe2 38. Kxe2 f4 39. Kd3
f3 40. Kd2 Kf5 41. Ke1 Kf4 42. Kf2 Nc1 43. Ke1 Ke3 44. Kf1 f2 45. b3 Kf3 46. b4
Bc4# 0-1

[Event "AUTO-ADV-4173"]
[Site "http://www.queenalice.com/game.php?id=1569601"]
[Date "2019.5.3"]
[Round "1"]
[White "noodle"]
[Black "marcoswerneck"]
[Result "0-1"]
[WhiteElo "1727"]
[BlackElo "1762"]

1. e4 e5 2. Nf3 d6 3. d4 Be7 4. d5 h6 5. Nc3 a6 6. a4 Nf6 7. a5 Bg4 8. h3 Bh5 9.
g4 Bg6 10. Qd3 Nbd7 11. Ra4 Nc5 12. Qc4 Nxa4 13. Qxa4+ Qd7 14. g5 Qxa4 15. Nxa4
Nxe4 16. h4 h5 17. c4 O-O 18. b4 b5 19. cxb5 axb5 20. Bxb5 f6 21. Bc6 Rab8 22.
b5 fxg5 23. Nxg5 Bxg5 24. hxg5 Nxf2 25. Rh2 Nd3+ 26. Kd2 e4 27. b6 e3+ 28. Kc2
Rf2+ 29. Rxf2 exf2 0-1

[Event "AUTO-ADV-4173"]
[Site "http://www.queenalice.com/game.php?id=1569602"]
[Date "2019.5.3"]
[Round "1"]
[White "marcoswerneck"]
[Black "noodle"]
[Result "1/2-1/2"]
[WhiteElo "1797"]
[BlackElo "1714"]

1. e4 e5 2. Nf3 Nc6 3. a3 Nf6 4. d3 d5 5. Nc3 d4 6. Nd5 Nxd5 7. exd5 Qxd5 8. Be2
Bf5 9. O-O O-O-O 10. Bg5 f6 11. Bd2 e4 12. dxe4 Bxe4 13. a4 d3 14. Bxd3 Bxd3 15.
cxd3 Qxd3 16. Be3 Qxd1 17. Raxd1 Bd6 18. Rb1 a5 19. Nd4 Nb4 20. Ne6 Rd7 21. Nd4
c5 22. Nb5 g5 23. Bd2 Nc6 24. Bc3 Be5 25. Bxe5 Nxe5 26. Rfd1 Rhd8 27. Rxd7 Rxd7
28. h3 h5 29. Nc3 f5 30. Ne2 Rd2 31. Ng3 f4 32. Nxh5 Nd3 33. Rf1 Rxb2 34. Nf6
Ra2 35. Nd5 c4 36. Nb6+ Kb8 37. Nxc4 Rxa4 38. Nd6 b5 39. Nxb5 Nc5 40. Rb1 Ka8
41. Kh2 Rb4 42. Rxb4 axb4 43. Nd4 b3 44. Nxb3 Nxb3 45. f3 1/2-1/2

[Event "AUTO-ADV-4173"]
[Site "http://www.queenalice.com/game.php?id=1569603"]
[Date "2019.5.3"]
[Round "1"]
[White "noodle"]
[Black "Ditto"]
[Result "0-1"]
[WhiteElo "1704"]
[BlackElo "1714"]

1. e4 e5 2. Nf3 Nc6 3. Bb5 Bc5 4. c3 d6 5. d4 Bb6 6. d5 a6 7. Bxc6+ bxc6 8. dxc6
Bg4 9. h3 Be6 10. g4 Bc4 11. a4 Qf6 12. Na3 Be6 13. g5 Qd8 14. h4 Ne7 15. h5
Nxc6 16. b4 Bg4 17. Rg1 Bxh5 18. a5 Ba7 19. Qd3 Rb8 20. Rg3 Bg6 21. b5 axb5 22.
Nxb5 Bc5 23. Be3 Bxe3 24. fxe3 O-O 25. a6 Qc8 26. Qd5 Ne7 27. Na7 Nxd5 28. Nxc8
Rbxc8 29. Nd2 Nxc3 30. Rg4 c6 31. Nc4 Bh5 32. Rh4 Bg6 33. Nxd6 Rcd8 34. Nc4 Rfe8
35. a7 Nb5 36. Nb6 Nc7 37. Ra4 c5 38. Rh2 Bxe4 39. Rxe4 Rd6 40. Rb2 Kf8 41. Ra4
Ke7 0-1

[Event "AUTO-ADV-4173"]
[Site "http://www.queenalice.com/game.php?id=1569604"]
[Date "2019.5.3"]
[Round "1"]
[White "Ditto"]
[Black "noodle"]
[Result "1-0"]
[WhiteElo "1697"]
[BlackElo "1721"]

1. e4 e5 2. Nf3 Nc6 3. Bc4 Nf6 4. d3 d5 5. exd5 Nxd5 6. Bb5 a6 7. Bc4 Be6 8. c3
b5 9. Bb3 b4 10. c4 Nf6 11. Bg5 Be7 12. Ba4 Qd6 13. Bh4 O-O-O 14. O-O Qxd3 15.
Qxd3 Rxd3 16. Bxc6 e4 17. Ng5 Bxc4 18. Bg3 h6 19. Nh3 g5 20. b3 Be6 21. Kh1 Rhd8
22. Be5 Ng4 23. Bg3 Bd6 24. Bxe4 Rd4 25. f3 Ne3 26. Re1 Nf5 27. Bf2 Bc5 28. Bxd4
Bxd4 29. Rd1 Bxa1 30. Bb7+ Kxb7 31. Rxd8 Ne3 32. Nd2 c5 33. Ne4 g4 34. Nf4 Bf5
35. Nd6+ Kc7 36. Nxf7 Bd4 37. Ra8 Nf1 38. Nd5+ Kc6 39. Ne7+ Kd7 40. Nxf5 Ke6 41.
N7xh6 1-0

[Event "AUTO-ADV-4173"]
[Site "http://www.queenalice.com/game.php?id=1569605"]
[Date "2019.5.3"]
[Round "1"]
[White "noodle"]
[Black "Dinda54"]
[Result "0-1"]
[WhiteElo "1709"]
[BlackElo "1819"]

1. e4 e5 2. Nf3 Bd6 3. d4 Nc6 4. d5 Nd4 5. Nxd4 exd4 6. Qxd4 f6 7. Nc3 Be5 8.
Qa4 Ne7 9. f4 Bd6 10. b4 O-O 11. b5 a5 12. a3 b6 13. g3 f5 14. e5 Bc5 15. Bd3
Bb7 16. Qb3 a4 17. Qc4 Kh8 18. h3 Re8 19. Kd2 c6 20. bxc6 dxc6 21. d6 b5 22.
Qxc5 Nd5 23. Bxf5 Rf8 24. Be6 Qa5 25. d7 Nb6 26. Rd1 Rad8 27. Ke2 Qa6 28. Kf2
Nd5 29. Nxd5 cxd5 30. Be3 Qxe6 31. Qxb5 Rxd7 32. Qxa4 Ra8 33. Qb3 Bc6 34. g4 Ba4
35. f5 Qxe5 36. Qd3 Qh2+ 37. Ke1 Bxc2 38. Ra2 Qg3+ 39. Bf2 Re7+ 0-1

[Event "AUTO-ADV-4173"]
[Site "http://www.queenalice.com/game.php?id=1569606"]
[Date "2019.5.3"]
[Round "1"]
[White "Dinda54"]
[Black "noodle"]
[Result "1-0"]
[WhiteElo "1871"]
[BlackElo "1738"]

1. e4 e5 2. f4 d6 3. f5 g6 4. fxg6 hxg6 5. c3 f5 6. Qa4+ Bd7 7. Qb3 Qh4+ 8. g3
Qxe4+ 9. Kf2 Qxh1 10. Bg2 Qxh2 11. Qxb7 Bc6 12. Qc8+ Ke7 13. Qxc7+ Ke8 14. Nf3
Rh7 15. Qc8+ Ke7 16. Nxh2 Bxg2 17. Qc7+ 1-0

[Event "Challenge"]
[Site "http://www.queenalice.com/game.php?id=1570097"]
[Date "2019.5.7"]
[Round "-"]
[White "fornery"]
[Black "noodle"]
[Result "0-1"]
[WhiteElo "1794"]
[BlackElo "1717"]

1. e4 e5 2. Qh5 Nf6 3. Qxe5+ Qe7 4. Nf3 Qxe5 5. Nxe5 Bd6 6. Nxf7 Kxf7 7. Bc4+
Ke7 8. d4 Nxe4 9. O-O Re8 10. Bd3 Nf6 11. Bg5 Kf8 12. Nc3 c6 13. Bxf6 gxf6 14.
Bxh7 b5 15. d5 Na6 16. dxc6 dxc6 17. Be4 Bb7 18. Rae1 Be5 19. f4 Bd4+ 20. Kh1
Nc5 21. Ne2 Rxe4 22. g4 Bxb2 23. h4 Kf7 24. f5 Rxg4 25. Rf4 Rxf4 26. Nxf4 Bc8
27. Rg1 Bxf5 28. h5 Be4+ 29. Kh2 Be5 30. Rg4 Bxc2 31. Kh3 Bf5 0-1

[Event "Challenge"]
[Site "http://www.queenalice.com/game.php?id=1570098"]
[Date "2019.5.7"]
[Round "-"]
[White "noodle"]
[Black "fornery"]
[Result "0-1"]
[WhiteElo "1726"]
[BlackElo "1815"]

1. e4 Nf6 2. e5 Nd5 3. d4 e6 4. c4 Bb4+ 5. Bd2 Bxd2+ 6. Nxd2 Nf4 7. g3 Ng6 8. f4
d5 9. exd6 cxd6 10. Qe2 Nc6 11. Ngf3 Qb6 12. Nb3 e5 13. O-O-O Nb4 14. a3 Na2+
15. Kc2 Bf5+ 16. Rd3 a5 17. Kd2 Bxd3 18. Qxd3 a4 19. Nc1 Qxb2+ 20. Qc2 Qxa3 21.
Bg2 Rc8 22. Nxa2 b5 23. Rb1 Rxc4 24. Qd3 Qxa2+ 25. Ke3 b4 26. Ke4 d5+ 27. Kf5 e4
0-1

[Event "AUTO-ADV-4194"]
[Site "http://www.queenalice.com/game.php?id=1575184"]
[Date "2019.6.22"]
[Round "1"]
[White "noodle"]
[Black "atbn"]
[Result "0-1"]
[WhiteElo "1688"]
[BlackElo "1962"]

1. e4 c5 2. Nf3 e6 3. c4 Nf6 4. e5 Ng4 5. h3 Nh6 6. g4 Nc6 7. Nc3 f5 8. g5 Nf7
9. d4 cxd4 10. Nxd4 Ncxe5 11. Bf4 Bb4 12. a3 Bxc3+ 13. Ke2 Bxb2 14. Ra2 Bxd4 15.
Qxd4 d6 16. Rd2 O-O 17. Bg2 Qc7 18. Bxe5 Nxe5 19. Rc1 d5 20. c5 Nc6 21. Qh4 Qe5+
22. Kf1 Bd7 23. f4 Qe3 24. Ra2 Qxc1+ 0-1

[Event "AUTO-ADV-4194"]
[Site "http://www.queenalice.com/game.php?id=1575199"]
[Date "2019.6.22"]
[Round "1"]
[White "noodle"]
[Black "jlpbarreto"]
[Result "1-0"]
[WhiteElo "1702"]
[BlackElo "1728"]

1. e4 d5 2. exd5 Nf6 3. c4 g6 4. f4 Bg7 5. Be2 Bf5 6. d4 Be4 7. Nf3 Nbd7 8. Nc3
O-O 9. Nxe4 Nxe4 10. Be3 b6 11. Qc2 f5 12. b4 Ndf6 13. Ng5 Nxg5 14. fxg5 Ne4 15.
O-O Rb8 16. b5 Kh8 17. h4 Ng3 18. Rf3 Ne4 19. Rd1 Kg8 20. a4 Kh8 21. h5 Kg8 22.
hxg6 hxg6 23. Bd3 Nd6 24. Qf2 Kf7 25. Rh3 Qd7 26. Bf4 Rh8 27. c5 Nc8 28. Bc4 Kf8
29. c6 Qd8 30. Rxh8+ Bxh8 31. Qh4 Bg7 32. Qh7 Nd6 33. Bd3 Kf7 34. Be5 Qh8 35.
Qh3 1-0

[Event "AUTO-ADV-4194"]
[Site "http://www.queenalice.com/game.php?id=1575200"]
[Date "2019.6.22"]
[Round "1"]
[White "jlpbarreto"]
[Black "noodle"]
[Result "0-1"]
[WhiteElo "1747"]
[BlackElo "1683"]

1. g4 e5 2. Bg2 d5 3. d3 Nc6 4. h3 f5 5. f3 f4 6. Nd2 Qh4+ 7. Kf1 Be6 8. Qe1 Qg3
9. Qxg3 fxg3 10. Ke1 O-O-O 11. e4 d4 12. Ne2 Nb4 13. Kd1 g5 14. a3 Nc6 15. Nxg3
Nf6 16. Nb3 h5 17. Bxg5 Be7 18. Nc5 Rd6 19. Ke2 h4 20. Nxe6 Rxe6 21. Nf5 Bd8 22.
Bd2 a5 23. Be1 Nd7 24. b4 axb4 25. axb4 b5 26. Bf2 Nxb4 27. Kd1 Nc5 28. Kd2 Bg5+
29. Kd1 Kd7 30. Be1 Nc6 31. Bf2 Nb4 32. Be1 Nc6 33. Ke2 b4 0-1

[Event "AUTO-ADV-4194"]
[Site "http://www.queenalice.com/game.php?id=1575201"]
[Date "2019.6.22"]
[Round "1"]
[White "noodle"]
[Black "CordeiroNeto"]
[Result "0-1"]
[WhiteElo "1704"]
[BlackElo "1751"]

1. e4 e5 2. Nf3 Nc6 3. Bb5 Nge7 4. Nc3 a6 5. Ba4 d6 6. d4 b5 7. d5 Na5 8. b4 Nc4
9. Bb3 Nb6 10. Be3 Ng6 11. g3 Be7 12. h4 Rb8 13. Qe2 Bg4 14. O-O-O O-O 15. h5
Nh8 16. Bxb6 Rxb6 17. Rd3 f6 18. Qe3 f5 19. Ng5 Bxg5 20. f4 exf4 21. gxf4 Bh4
22. e5 dxe5 23. Qxe5 Nf7 24. d6 cxd6 25. Qd5 Bf6 26. Nd1 Qa8 27. Qxa8 Rxa8 28.
Ne3 Bf3 29. Rh3 Be4 30. Rd1 Rd8 31. Nd5 Bxd5 0-1

[Event "AUTO-ADV-4194"]
[Site "http://www.queenalice.com/game.php?id=1575202"]
[Date "2019.6.22"]
[Round "1"]
[White "CordeiroNeto"]
[Black "noodle"]
[Result "1-0"]
[WhiteElo "1736"]
[BlackElo "1719"]

1. e4 e5 2. Nf3 Nc6 3. Nc3 g6 4. Bc4 f5 5. d3 f4 6. O-O h5 7. h3 Bh6 8. Nh4 Qxh4
9. f3 Nge7 10. Bd5 Nxd5 11. Nxd5 O-O 12. Nxc7 Rb8 13. Nd5 d6 14. b3 b5 15. Qe1
Qg3 16. Qxg3 fxg3 17. Bxh6 Rf7 18. Bg5 Nd4 19. Ne3 Ne2+ 20. Kh1 a5 21. Rfe1 Nc3
22. Bh4 b4 23. Bxg3 g5 24. a3 h4 25. Bf2 a4 26. Nc4 bxa3 27. Nxa3 axb3 28. cxb3
Rxb3 29. Nc4 Bb7 30. Nxd6 1-0

[Event "Challenge"]
[Site "http://www.queenalice.com/game.php?id=1581701"]
[Date "2019.8.28"]
[Round "-"]
[White "noodle"]
[Black "mclemens"]
[Result "1-0"]
[WhiteElo "1719"]
[BlackElo "1100"]

1. e4 e5 2. d4 d6 3. d5 Nf6 4. Nc3 c5 5. Nf3 Qa5 6. Bd2 Bd7 7. a4 a6 8. b3 b5 9.
axb5 Qb4 10. Ra4 Qxa4 11. bxa4 a5 12. b6 Bc8 13. Nb5 Ra6 14. Nc7+ Kd8 15. Nxa6
Nxa6 16. Bxa5 Nxe4 17. b7+ Kd7 18. Bb5+ Ke7 19. bxc8=Q Nf6 20. Qd8# 1-0